Regional report (Record no. 80829)
[ view plain ]
| 000 -LEADER | |
|---|---|
| fixed length control field | 00957cab a22002055a 4500 |
| 001 - CONTROL NUMBER | |
| control field | L145479 |
| 008 - FIXED-LENGTH DATA ELEMENTS--GENERAL INFORMATION | |
| fixed length control field | 081014e20081010xxkao f 000 0 eng d |
| 035 ## - SYSTEM CONTROL NUMBER | |
| System control number | (Sirsi) u145479 |
| 041 0# - LANGUAGE CODE | |
| Language code of text/sound track or separate title | eng |
| 100 1# - MAIN ENTRY--PERSONAL NAME | |
| Personal name | Duxbury, Nick |
| 245 00 - TITLE STATEMENT | |
| Title | Regional report |
| Remainder of title | Hampshire, Dorset and Wiltshire |
| 260 ## - PUBLICATION, DISTRIBUTION, ETC. | |
| Date of publication, distribution, etc. | 2008 |
| 490 #0 - SERIES STATEMENT | |
| Series statement | Property Week |
| Volume/sequential designation | 73(41) 10 October 2008, 79-91(7) |
| 520 ## - SUMMARY, ETC. | |
| Summary, etc. | Suggests that the third phase of the West Quay retail scheme in Southampton may be one of the last schemes to escape the credit crunch. Reports on how an MoD drive to improve troop accommodation across Salisbury Plain is providing opportunities for developers. Considers a speculative office development scheme in Basingstoke. Discusses the campaign to gain approval for a giant Hampshire shed scheme. |
| 590 ## - LOCAL NOTE (RLIN) | |
| Local note | KA |
| 651 #4 - SUBJECT ADDED ENTRY--GEOGRAPHIC NAME | |
| Geographic name | Hampshire |
| 651 #4 - SUBJECT ADDED ENTRY--GEOGRAPHIC NAME | |
| Geographic name | South West (England) |
| Chronological subdivision | 1994- |
| 690 ## - LOCAL SUBJECT ADDED ENTRY--TOPICAL TERM (OCLC, RLIN) | |
| Topical term or geographic name as entry element | PROPERTY-COMMERCIAL PROPERTY-COMMERCIAL PROPERTY MARKET |
| 942 ## - ADDED ENTRY ELEMENTS (KOHA) | |
| Suppress in OPAC | 0 |
| Withdrawn status | Lost status | Source of classification or shelving scheme | Damaged status | Not for loan | Home library | Current library | Shelving location | Date acquired | Total Checkouts | Full call number | Barcode | Date last seen | Copy number | Price effective from | Koha item type |
|---|---|---|---|---|---|---|---|---|---|---|---|---|---|---|---|
| Dewey Decimal Classification | London | London | Journal article | 14/10/2008 | L145479 | 145479-1001 | 06/08/2019 | 1 | 06/08/2019 | Journal article |